An eye for color : (Record no. 2860)
[ view plain ]
| 000 -LEADER | |
|---|---|
| fixed length control field | 01289cam a2200325 a 4500 |
| 005 - DATE AND TIME OF LATEST TRANSACTION | |
| control field | 20250909110319.0 |
| 020 ## - INTERNATIONAL STANDARD BOOK NUMBER | |
| International Standard Book Number | 9780545493383 |
| 040 ## - CATALOGING SOURCE | |
| Original cataloging agency | DLC |
| Transcribing agency | DLC |
| Modifying agency | BTCTA |
| -- | TEF |
| -- | VP@ |
| -- | YDXCP |
| -- | UBY |
| -- | EHH |
| -- | DLC |
| Language of cataloging | eng |
| 050 00 - LIBRARY OF CONGRESS CALL NUMBER | |
| Classification number | N6888.A5 |
| Item number | 2009 |
| 082 00 - DEWEY DECIMAL CLASSIFICATION NUMBER | |
| Classification number | 709.2 |
| 100 1# - MAIN ENTRY--PERSONAL NAME | |
| Personal name | Wing, Natasha |
| 245 13 - TITLE STATEMENT | |
| Title | An eye for color : |
| Remainder of title | the story of Josef Albers / |
| Statement of responsibility, etc. | Natasha Wing ; art by Julia Breckenreid |
| 250 ## - EDITION STATEMENT | |
| Edition statement | Printed in the U.S.A |
| 260 ## - PUBLICATION, DISTRIBUTION, ETC. | |
| Place of publication, distribution, etc. | New York : |
| Name of publisher, distributor, etc. | Scholastic , |
| Date of publication, distribution, etc. | 2009 |
| 300 ## - PHYSICAL DESCRIPTION | |
| Extent | 31 unnumbered pages : |
| Other physical details | color illustrations ; |
| Dimensions | 26 cm. |
| 500 ## - GENERAL NOTE | |
| General note | "The artist used gouache on Arches Cover to create the illustrations..." |
| 505 ## - FORMATTED CONTENTS NOTE | |
| Formatted contents note | Q <br/> |
| 520 ## - SUMMARY, ETC. | |
| Summary, etc. | The painter Joseph Albers saw art in simple things. Late in his career, he began painting squares of solid, unmixed color, one within another to study the colors and their interactions. |
| 521 ## - TARGET AUDIENCE NOTE | |
| Target audience note | 680 <br/> |
| Source | Lexile <br/> |
| 521 ## - TARGET AUDIENCE NOTE | |
| Target audience note | Q <br/> |
| Source | Raz-Plus <br/> |
| 650 #0 - SUBJECT ADDED ENTRY--TOPICAL TERM | |
| Topical term or geographic name entry element | Artists |
| Geographic subdivision | Germany |
| Form subdivision | Biography |
| -- | Juvenile literature. |
| 650 #0 - SUBJECT ADDED ENTRY--TOPICAL TERM | |
| Topical term or geographic name entry element | Color in art |
| Form subdivision | Juvenile literature. |
| 650 #1 - SUBJECT ADDED ENTRY--TOPICAL TERM | |
| Topical term or geographic name entry element | Artists |
| Geographic subdivision | Germany |
| Form subdivision | Biography. |
| 650 #1 - SUBJECT ADDED ENTRY--TOPICAL TERM | |
| Topical term or geographic name entry element | Color in art. |
| 655 #0 - INDEX TERM--GENRE/FORM | |
| Genre/form data or focus term | Picture books for children. |
| 700 1# - ADDED ENTRY--PERSONAL NAME | |
| Personal name | Breckenreid, Julia |
| Relator term | illustrator |
| 906 ## - LOCAL DATA ELEMENT F, LDF (RLIN) | |
| a | 7 |
| b | cbc |
| c | orignew |
| d | 1 |
| e | ecip |
| f | 20 |
| g | y-gencatlg |
| 942 ## - ADDED ENTRY ELEMENTS (KOHA) | |
| Source of classification or shelving scheme | Dewey Decimal Classification |
| Koha item type | Books |
| Suppress in OPAC | No |
| 999 ## - | |
| -- | 2860 |
| -- | 2860 |
| Withdrawn status | Lost status | Source of classification or shelving scheme | Damaged status | Not for loan | Collection | Home library | Current library | Shelving location | Date acquired | Total Checkouts | Full call number | Barcode | Date last seen | Date last checked out | Copy number | Price effective from | Koha item type |
|---|---|---|---|---|---|---|---|---|---|---|---|---|---|---|---|---|---|
| Dewey Decimal Classification | Non-Fiction | Footprints International School Library Network Toul Tom Poung Campus | Footprints International School Library Network Toul Tom Poung Campus | TTP Primary Orange Bookshelves | 01/18/2024 | 1 | WIN 709.2 N6888.A5 | FISTK04888 | 02/05/2024 | 01/29/2024 | 1 | 01/18/2024 | Books | ||||
| Dewey Decimal Classification | Non-Fiction | Footprints International School Library Network Toul Tom Poung Campus | Footprints International School Library Network Toul Tom Poung Campus | TTP Primary Orange Bookshelves | 01/18/2024 | WIN 709.2 N6888.A5 | FISTK05600 | 02/16/2024 | 2 | 01/18/2024 | Books | ||||||
| Dewey Decimal Classification | Non-Fiction | Footprints International School Library Network Toul Tom Poung Campus | Footprints International School Library Network Toul Tom Poung Campus | TTP Primary Orange Bookshelves | 06/13/2025 | WIN 709.2 N6888.A5 | FISSE01211 | 06/13/2025 | 3 | 06/13/2025 | Books |
